000 00588nam a2200193Ia 4500
003 GCL
008 140319s9999 xx 000 0 ara d
040 _aGCL /
_cGCL
082 0 4 _a291
_bى غ
100 1 _aيوسف القرضاوى
245 1 0 _aغير المسلمين فى المجتمع الاسلامى /
_cيوسف القرضاوى
300 _a86 ص
490 _a
650 0 4 _aالاسلام والمسيحية
650 0 4 _aالديانات المقارنة
650 0 4 _aالاسلام والديانات الاخرى
650 0 4 _aاهل الذمة
942 _2ddc
_cBK
999 _c38797
_d38797